00939cam a22002411 4500001001300000003000400013005001700017008004100034010001700075035001900092040003300111042001200144050001600156100007000172245011700242260005700359300004100416500005500457500007500512504002900587650004500616710003600661gs 17000386 DLC20260227111321.0790411s1917 cauab b s001 0 eng c ags 17000386  a(OCoLC)4846014 aU.S. Geol. SurveycMiDWdDLC apremarc00aTN24.C2bM41 aMerrill, Frederick J. H.q(Frederick James Hamilton),d1861-1916.00aMines and mineral resources of Los Angeles County, Orange County, Riverside County,cby Frederick J. H. Merrill. aSacramento,bCalifornia state printing office, 1917. a136 p.billus., fold. tablesc23 cm. aAt head of title: California. State Mining Bureau. a"Chapters of state mineralogist's report, biennial period, 1915-1916." aContains bibliographies. 0aMines and mineral resourceszCalifornia.2 aCalifornia State Mining Bureau.